|
|
|
|
| LEADER |
00000nam a2200000 a 4500 |
| 001 |
vtls008378855 |
| 003 |
SK-MaSNL |
| 005 |
20260302015731.0 |
| 008 |
251124s1931 xo slo |
| 015 |
|
|
|a SKSNBA19191938-005035
|
| 035 |
|
|
|a SK01SNKBSKHR20020071072
|
| 035 |
|
|
|a SKM000073535
|
| 040 |
|
|
|a SNK
|b slo
|c SNK
|e AACR2
|
| 041 |
1 |
|
|a slo
|
| 044 |
|
|
|a xo
|
| 080 |
|
|
|a 82
|2 1981
|
| 100 |
1 |
|
|a Klose, Fridrich
|4 aut
|9 661790
|
| 245 |
1 |
0 |
|a V pekle afrických légií
|c Fridrich Klose ; prel. Pavel Halaša
|
| 260 |
|
|
|a Martin
|b Kníhtlačiarsky účastinársky spolok
|c 1931
|e Martin
|f Kníhtlačiarsky účastinársky spolok
|
| 300 |
|
|
|a 172, [1] s.
|c 8°
|
| 650 |
0 |
7 |
|a literatúra
|2 SNK
|9 1427
|
| 655 |
|
7 |
|a umelecká literatúra
|2 SNKPH
|9 60405
|
| 700 |
1 |
|
|a Halaša, Pavol,
|d 1885-1969
|4 trl
|9 108877
|
| 852 |
|
|
|a Slovenská národná knižnica v Martine
|b 10000
|h MS SD 3117
|
| 852 |
|
|
|a Univerzitná knižnica v Bratislave
|b 300000
|h SF 1697
|
| 852 |
|
|
|a Univerzitná knižnica v Bratislave
|b 300000
|h XXF 566
|
| 958 |
|
|
|a RK
|
| 958 |
|
|
|a TL
|
| 999 |
|
|
|c 1022421
|d 1024351
|
| 952 |
|
|
|a SNK
|b SNK
|y VYP
|7 0
|p 17A0527888
|o snkSD 3117 D2
|i snkK 112/71
|8 3
|3 rekatalogizácia
|0 0
|1 0
|4 0
|d 2006-11-20
|l 0
|r 2026-02-24 13:28:27
|w 2026-02-24
|
| 952 |
|
|
|a SNK
|b SNK
|y VYP
|7 0
|p 17A0527887
|o snkSD 3117 D1
|i snkVI. 7458/55
|3 rekatalogizácia
|0 0
|1 0
|4 0
|d 2006-11-20
|l 0
|r 2026-02-24 13:28:27
|w 2026-02-24
|